Pays sans ambassade en France - Mort subite - Statistiques

Statistiques générales
  • Ce quiz a été pris 981 fois
  • Le résultat moyen est 3 sur 24
Answers on the Grid
Answers color-coded by a green-red scale on the quiz's grid according to % correct below.
Lesotho
Barbade
Eswatini
Grenade
Jamaïque
Malawi
Papouasie-Nouvelle-Guinée
Samoa
São Tomé et Príncipe
Îles Solomon
Timor oriental
Trinidad et Tobago
Saint Vincent et les Grenadines
Dominique
Guyana
Bahamas
Maldives
Tonga
Liechtenstein
Cité du Vatican
Monaco
Gibraltar
Nauru
Tuvalu
Saint Marin
Îles Marshall
Bruneï
Saint Kitts et Nevis
Palaos
Kosovo
Guinée-équatoriale
Corée du Nord
Turkménistan
Syrie
Bhoutan
Bosnie-Herzégovine
Sierra Leone
Népal
Salvador
Monténégro
 
Statistiques - réponses
Réponse % Correct
Corée du Nord
34%
Tuvalu
19%
Nauru
18%
Îles Marshall
17%
Saint Kitts et Nevis
17%
Eswatini
15%
Îles Solomon
15%
Saint Vincent et les Grenadines
15%
Palaos
14%
Tonga
14%
Timor oriental
12%
Barbade
10%
Lesotho
10%
Samoa
10%
Trinidad et Tobago
9%
Bahamas
8%
Grenade
8%
Papouasie-Nouvelle-Guinée
8%
Liechtenstein
7%
Guyana
6%
Malawi
6%
Maldives
6%
Dominique
5%
Jamaïque
4%
Aucun quiz correspondant
Distribution des résultats
% des personnes avec chaque résultat
Percentile par nombre de réponses
Votre historique - résultats
Vous n’avez pas pris ce quiz